Institution of marriage in Kashmir / (Record no. 144213)

MARC details
000 -LEADER
fixed length control field 00635nam a22001937a 4500
005 - DATE AND TIME OF LATEST TRANSACTION
control field 20170908135256.0
010 ## - LCCN (DPL NO)
LC control number ENG-120366
020 ## - INTERNATIONAL STANDARD BOOK NUMBER
International Standard Book Number 8190359916
Terms of availability 590.00
035 ## - SYSTEM CONTROL NUMBER
System control number EN-103898
037 ## - SOURCE OF ACQUISITION
Source of stock number/acquisition DBAD/PUB
082 ## - DEWEY DECIMAL CLASSIFICATION NUMBER
Classification number 230.6511
100 ## - MAIN ENTRY--PERSONAL NAME
Personal name Khurshid ul Islam,S
245 ## - TITLE STATEMENT
Title Institution of marriage in Kashmir /
Statement of responsibility, etc by S.Khurshid ul Islam
260 ## - PUBLICATION, DISTRIBUTION, ETC. (IMPRINT)
Place of publication, distribution, etc Srinagar
Name of publisher, distributor, etc Wattan Publications
Date of publication, distribution, etc 2009
270 ## - ADDRESS
Address 17,Shri Chandra Chinar Complex,opp.woman college,M.A.Poad
City Srinagar
Postal code 190001
300 ## - PHYSICAL DESCRIPTION
Extent vii,224p.:
Dimensions 23cm(Hb)
Other physical details ill
500 ## - GENERAL NOTE
General note Includes bibliographical reference
942 ## - ADDED ENTRY ELEMENTS (KOHA)
Source of classification or shelving scheme Dewey Decimal Classification
Item type English Books
Classification part 230.6511
Call number suffix KHU
Holdings
Withdrawn status Lost status Not for loan Collection code Home library Current library Date acquired Source of acquisition Cost, normal purchase price Full call number Barcode Copy number Cost, replacement price Koha item type
    Not For Loan Non-fiction D.B.Act.Division Bawana 08/09/2017 DBAD/PUB 590.00 230.6511 KHU EN-103898 1 590.00 English Books

© Delhi Public Library
Hit Counter
free hit counter